| 000 | 00746nam a22001577a 4500 | ||
|---|---|---|---|
| 003 | OSt | ||
| 005 | 20151204105333.0 | ||
| 008 | 151204b xxu||||| |||| 00| 0 eng d | ||
| 040 | _cRUA | ||
| 082 | _aFIS NEA 2008 B179 Or.1 | ||
| 100 |
_94264 _aNEANG SIMORN; នាង ស៊ីមន |
||
| 245 | _aLivelihood status and utilization of coastal fisheries resources in coastal cummunity fishery kampot province, ស្ថានភាពជីវភាពរស់នៅ និងការប្រើប្រាស់ធនធាន ជលផលក្នុងសហគមន៍នេសាទតំបន់ឆ្នេរ ខេត្តកំពត. | ||
| 260 |
_aPhnom Penh _bRUA _c2008 |
||
| 300 |
_axii; 49p. _bill. _c29cm. |
||
| 942 |
_2ddc _cFIS |
||
| 999 |
_c3979 _d3979 |
||